[Event "SLO-chT1 East"]
[Site "Celje"]
[Date "2014.10.18"]
[Round "7"]
[White "Kodric, Tilen"]
[Black "Zoric, Darko"]
[Result "1-0"]
[WhiteElo "1706"]
[BlackElo "1761"]
[PlyCount "63"]
[EventDate "2014.10.09"]
[EventType "team-tourn"]
[EventRounds "9"]
[EventCountry "SLO"]
[SourceTitle "EXT 2019"]
[Source "ChessBase"]
[SourceDate "2018.10.10"]
[SourceVersion "1"]
[SourceVersionDate "2018.10.10"]
[SourceQuality "1"]
[WhiteTeam "Maribor ZSK II"]
[BlackTeam "Sentjur"]
[WhiteTeamCountry "SLO"]
[BlackTeamCountry "SLO"]

1. c4 c5 2. g3 Nf6 3. Nc3 g6 4. Bg2 Bg7 5. e4 e5 6. Nge2 a6 7. 0-0 0-0 8. f4 d6 9. h3 Nc6 10. f5 Rb8 11. g4 b5 12. g5 Nh5 13. f6 Bh8 14. d3 Be6 15. Nd5 Bxd5 16. exd5 Nd4 17. Nxd4 exd4 18. Kh2 b4 19. Qf3 Re8 20. h4 Re5 21. Bh3 Qe8 22. Bg4 a5 23. Bxh5 Rf5 24. Qg2 Rxf1 25. Qxf1 gxh5 26. Bf4 Rd8 27. Re1 Qd7 28. Qe2 a4 29. Bg3 Kf8 30. Qe7+ Kg8 31. Qxd7 Rxd7 32. Re8# 1-0

[Event "SLO-chT1 East"]
[Site "Celje"]
[Date "2014.10.12"]
[Round "5"]
[White "Repas, Jernej"]
[Black "Zoric, Darko"]
[Result "0-1"]
[WhiteElo "1695"]
[BlackElo "1761"]
[PlyCount "122"]
[EventDate "2014.10.09"]
[EventType "team-tourn"]
[EventRounds "9"]
[EventCountry "SLO"]
[SourceTitle "EXT 2019"]
[Source "ChessBase"]
[SourceDate "2018.10.10"]
[SourceVersion "1"]
[SourceVersionDate "2018.10.10"]
[SourceQuality "1"]
[WhiteTeam "Slovenj Gradec"]
[BlackTeam "Sentjur"]
[WhiteTeamCountry "SLO"]
[BlackTeamCountry "SLO"]

1. e4 c5 2. Nc3 e6 3. f4 d6 4. Nf3 Nf6 5. Bb5+ Bd7 6. Bc4 Bc6 7. e5 Nd5 8. Bxd5 exd5 9. d3 d4 10. Ne4 dxe5 11. Nxe5 Bd5 12. 0-0 Nd7 13. Nf3 Qc7 14. Qe2 0-0-0 15. Re1 g6 16. c3 Bg7 17. cxd4 Bxd4+ 18. Nxd4 cxd4 19. Bd2 Kb8 20. Qf2 Qb6 21. a4 a6 22. b4 f5 23. Ng5 h6 24. Nf3 Bxf3 25. Qxf3 Nf6 26. b5 a5 27. Re5 Rhe8 28. Rae1 Rxe5 29. Rxe5 Qc7 30. b6 Qc2 31. Bxa5 Qxa4 32. Re7 Nd5 33. Qe2 Nxe7 34. Qxe7 Re8 35. Qc7+ Ka8 36. Bd2 Qd1+ 37. Kf2 Qxd2+ 38. Kg3 Qxd3+ 39. Kh4 Qb5 40. Qd6 d3 41. Qa3+ Qa6 42. Qd6 d2 43. Qd7 Rb8 44. Qd6 d1Q 45. Qxd1 Qxb6 46. g3 Qf6+ 47. Kh3 g5 48. Qe1 g4+ 49. Kg2 Rc8 50. Qa5+ Qa6 51. Qd2 Qc6+ 52. Kf1 Qh1+ 53. Kf2 Qxh2+ 54. Ke1 Qxg3+ 55. Kf1 Qa3 56. Kg2 h5 57. Kf2 h4 58. Kg2 Qa4 59. Kg1 h3 60. Kh1 Qc6+ 61. Kh2 Qc2 0-1

[Event "SLO-chT1 East"]
[Site "Celje"]
[Date "2014.10.11"]
[Round "3"]
[White "Zoric, Darko"]
[Black "Hocevar, Maja"]
[Result "1/2-1/2"]
[WhiteElo "1761"]
[BlackElo "1944"]
[PlyCount "45"]
[EventDate "2014.10.09"]
[EventType "team-tourn"]
[EventRounds "9"]
[EventCountry "SLO"]
[SourceTitle "EXT 2019"]
[Source "ChessBase"]
[SourceDate "2018.10.10"]
[SourceVersion "1"]
[SourceVersionDate "2018.10.10"]
[SourceQuality "1"]
[WhiteTeam "Sentjur"]
[BlackTeam "Radenska Pomgrad II"]
[WhiteTeamCountry "SLO"]
[BlackTeamCountry "SLO"]

1. Nf3 Nf6 2. g3 d5 3. d4 c6 4. Bg2 Bg4 5. 0-0 e6 6. b3 Be7 7. Bb2 0-0 8. Nbd2 Nbd7 9. c4 Re8 10. Re1 Rc8 11. Rc1 Bf5 12. c5 a5 13. a3 Ne4 14. Nxe4 Bxe4 15. b4 Bf6 16. Ne5 Bxg2 17. Kxg2 axb4 18. axb4 Nxe5 19. dxe5 Be7 20. f4 Ra8 21. Ra1 Qc7 22. Qd2 b6 23. Bd4 1/2-1/2

[Event "SLO-chT1 East"]
[Site "Celje"]
[Date "2014.10.10"]
[Round "2"]
[White "Kodela, Matjaz"]
[Black "Zoric, Darko"]
[Result "1-0"]
[WhiteElo "2001"]
[BlackElo "1761"]
[PlyCount "95"]
[EventDate "2014.10.09"]
[EventType "team-tourn"]
[EventRounds "9"]
[EventCountry "SLO"]
[SourceTitle "EXT 2019"]
[Source "ChessBase"]
[SourceDate "2018.10.10"]
[SourceVersion "1"]
[SourceVersionDate "2018.10.10"]
[SourceQuality "1"]
[WhiteTeam "Rokada Lendava"]
[BlackTeam "Sentjur"]
[WhiteTeamCountry "SLO"]
[BlackTeamCountry "SLO"]

1. d4 d5 2. c4 c6 3. cxd5 cxd5 4. Nc3 Nf6 5. Nf3 Nc6 6. Bf4 e6 7. e3 a6 8. Bd3 Bd6 9. Bg3 b5 10. Rc1 Bb7 11. 0-0 Bxg3 12. hxg3 0-0 13. Qe2 Qe7 14. Rfd1 Nb4 15. Bb1 Nc6 16. Qd3 Nb4 17. Qd2 Ne4 18. Qe1 f5 19. Ne5 Rac8 20. Ne2 Nf6 21. Nf4 Rxc1 22. Rxc1 Rc8 23. Rxc8+ Bxc8 24. a3 g5 25. Ne2 Nc6 26. Nxc6 Qe8 27. Ne5 Qh5 28. f3 Qe8 29. Qc1 Qf8 30. Qc5 Qe8 31. b4 h5 32. Bd3 Bb7 33. Qc7 Bc8 34. Nc1 Qf8 35. Ng6 Qe8 36. Qxc8 Kg7 37. Qxe8 Nxe8 38. Ne5 Nc7 39. Nb3 Kf6 40. Nc5 Ke7 41. Kf2 g4 42. e4 dxe4 43. fxe4 Kf6 44. Ned7+ Kg5 45. Nb8 h4 46. Nbxa6 h3 47. gxh3 Nxa6 48. h4+ 1-0

[Event "SLO-chT1 East"]
[Site "Celje"]
[Date "2014.10.09"]
[Round "1"]
[White "Zoric, Darko"]
[Black "Brinovec, David"]
[Result "0-1"]
[WhiteElo "1761"]
[BlackElo "1927"]
[PlyCount "106"]
[EventDate "2014.10.09"]
[EventType "team-tourn"]
[EventRounds "9"]
[EventCountry "SLO"]
[SourceTitle "EXT 2019"]
[Source "ChessBase"]
[SourceDate "2018.10.10"]
[SourceVersion "1"]
[SourceVersionDate "2018.10.10"]
[SourceQuality "1"]
[WhiteTeam "Sentjur"]
[BlackTeam "Zalec"]
[WhiteTeamCountry "SLO"]
[BlackTeamCountry "SLO"]

1. d4 d5 2. Nf3 Nf6 3. g3 e6 4. a3 Nbd7 5. Nc3 b6 6. b4 Bb7 7. Bg2 Be7 8. 0-0 0-0 9. Bb2 a5 10. b5 a4 11. Rc1 c6 12. bxc6 Bxc6 13. Na2 Bb5 14. Ne5 Nxe5 15. dxe5 Ne4 16. Re1 Bc5 17. Bxe4 dxe4 18. Qxd8 Rfxd8 19. e3 Rd2 20. Bc3 Re2 21. Nb4 Rc8 22. Rxe2 Bxe2 23. Bd4 Bxb4 24. axb4 b5 25. c3 Rd8 26. Kg2 Kf8 27. Ra1 Ke8 28. Ra2 Bc4 29. Ra1 Bd3 30. f3 Kd7 31. fxe4 Bxe4+ 32. Kf2 Kc6 33. Ke2 Kd5 34. Kd2 Kc4 35. Ra3 f6 36. Kc1 fxe5 37. Bxe5 Rf8 38. h4 Rf1+ 39. Kd2 g6 40. Ke2 Rb1 41. Kd2 Rb3 42. Rxb3 Kxb3 43. c4 Kxc4 44. Bc3 a3 45. g4 Bf3 46. g5 Be4 47. Be5 Kxb4 48. Kc1 Ka4 49. Kd2 b4 50. Kc1 b3 51. Bd4 b2+ 52. Bxb2 axb2+ 53. Kxb2 Kb4 0-1

[Event "SLO-ch 23rd"]
[Site "Sentjur"]
[Date "2013.04.11"]
[Round "6"]
[White "Jelen, Miha"]
[Black "Zoric, Darko"]
[Result "0-1"]
[WhiteElo "1544"]
[BlackElo "1761"]
[PlyCount "48"]
[EventDate "2013.04.06"]
[EventType "swiss"]
[EventRounds "9"]
[EventCountry "SLO"]
[SourceTitle "CBM 153 Extra"]
[Source "ChessBase"]
[SourceDate "2013.04.22"]
[SourceVersion "1"]
[SourceVersionDate "2013.04.22"]
[SourceQuality "1"]

1. e4 c5 2. c3 e6 3. d4 cxd4 4. cxd4 d6 5. Nc3 a6 6. Nf3 Be7 7. Be2 Nf6 8. 0-0 0-0 9. Bf4 Nbd7 10. Rc1 b5 11. a3 Bb7 12. Bd3 d5 13. exd5 Nxd5 14. Nxd5 Bxd5 15. Bc7 Qe8 16. Re1 f5 17. Bf4 h6 18. h3 Rf7 19. Qe2 Bf6 20. Bxf5 Nf8 21. Rc5 Be7 22. Rxd5 exd5 23. Qe5 Qc6 24. Rc1 Qf6 0-1

[Event "SLO-ch 23rd"]
[Site "Sentjur"]
[Date "2013.04.09"]
[Round "4"]
[White "Spacapan, Simon"]
[Black "Zoric, Darko"]
[Result "1-0"]
[WhiteElo "1915"]
[BlackElo "1761"]
[PlyCount "65"]
[EventDate "2013.04.06"]
[EventType "swiss"]
[EventRounds "9"]
[EventCountry "SLO"]
[SourceTitle "CBM 153 Extra"]
[Source "ChessBase"]
[SourceDate "2013.04.22"]
[SourceVersion "1"]
[SourceVersionDate "2013.04.22"]
[SourceQuality "1"]

1. e4 c5 2. Nf3 d6 3. d4 cxd4 4. Qxd4 Nc6 5. Bb5 e5 6. Qd3 a6 7. Bxc6+ bxc6 8. 0-0 Nf6 9. c4 a5 10. Rd1 c5 11. Nxe5 Qe7 12. Nf3 Bb7 13. Nc3 Bc6 14. Nd5 Bxd5 15. exd5 Nd7 16. Re1 Ne5 17. Nxe5 dxe5 18. f4 f6 19. fxe5 0-0-0 20. Bf4 Qc7 21. Qf5+ Kb7 22. exf6 Bd6 23. Re7 Bxf4 24. Rxc7+ Bxc7 25. fxg7 Rhg8 26. Qf7 Kb8 27. Rf1 Be5 28. Qxg8 Rxg8 29. Rf8+ Kb7 30. Rxg8 h6 31. Re8 Bd4+ 32. Kf1 Bxg7 33. Re7+ 1-0

[Event "Sentjur Ipavec Memorial-A 12th"]
[Site "Sentjur"]
[Date "2011.09.21"]
[Round "9"]
[White "Zoric, Darko"]
[Black "Bratkovic, Jakob"]
[Result "0-1"]
[WhiteElo "1761"]
[BlackElo "1856"]
[PlyCount "58"]
[EventDate "2011.09.14"]
[EventType "swiss"]
[EventRounds "9"]
[EventCountry "SLO"]
[SourceTitle "EXT 2024"]
[Source "ChessBase"]
[SourceDate "2023.10.10"]
[SourceVersion "1"]
[SourceVersionDate "2023.10.10"]
[SourceQuality "1"]

1. Nf3 Nf6 2. g3 c5 3. c4 Nc6 4. Nc3 b6 5. Bg2 Bb7 6. 0-0 e6 7. d4 Nxd4 8. Nxd4 Bxg2 9. Nxe6 dxe6 10. Qxd8+ Rxd8 11. Kxg2 Be7 12. f3 0-0 13. Be3 Nd7 14. Ne4 Ne5 15. b3 Nc6 16. Bf2 f5 17. Nc3 Bf6 18. Be1 Nb4 19. Rb1 Nc2 20. Bf2 Bxc3 21. Rbc1 Rd2 22. e4 Bb2 23. Rxc2 Rxc2 24. Kh3 fxe4 25. f4 Bd4 26. Bg1 e3 27. Re1 e2 28. Kg2 Bxg1 29. Kxg1 e5 0-1

[Event "Sentjur Ipavec Memorial-A 12th"]
[Site "Sentjur"]
[Date "2011.09.18"]
[Round "6"]
[White "Zoric, Darko"]
[Black "Unuk, Laura"]
[Result "0-1"]
[WhiteElo "1761"]
[BlackElo "1720"]
[PlyCount "76"]
[EventDate "2011.09.14"]
[EventType "swiss"]
[EventRounds "9"]
[EventCountry "SLO"]
[SourceTitle "CBM 144 Extra"]
[Source "ChessBase"]
[SourceDate "2011.10.28"]
[SourceVersion "1"]
[SourceVersionDate "2011.10.28"]
[SourceQuality "1"]

1. d4 g6 2. c4 Bg7 3. Nc3 d6 4. e4 Nc6 5. Nf3 Bg4 6. d5 Nd4 7. Be2 Bxf3 8. Bxf3 c5 9. Rb1 Qa5 10. a3 Qa6 11. Be2 e6 12. Bd3 Ne7 13. Be3 0-0 14. Bxd4 cxd4 15. Nb5 Qb6 16. a4 a6 17. Na3 Qb4+ 18. Ke2 Nc8 19. Qd2 Qxa4 20. Bc2 Qd7 21. b4 Qe7 22. Kd1 Nb6 23. h4 Rac8 24. Qd3 Qc7 25. Bb3 Qd7 26. g4 exd5 27. cxd5 Qxg4+ 28. Qe2 Qxe2+ 29. Kxe2 Rfe8 30. Kd3 Rc3+ 31. Kd2 Rxe4 32. Bc2 Rf4 33. Bb3 Rxf2+ 34. Ke1 Rff3 35. Bd1 Rfe3+ 36. Kf2 Rxa3 37. Kf1 Rh3 38. Rg1 Rxh4 0-1

[Event "Sentjur Ipavec Memorial-A 12th"]
[Site "Sentjur"]
[Date "2011.09.17"]
[Round "5"]
[White "Cojhter, Karl"]
[Black "Zoric, Darko"]
[Result "1-0"]
[WhiteElo "2097"]
[BlackElo "1761"]
[PlyCount "97"]
[EventDate "2011.09.14"]
[EventType "swiss"]
[EventRounds "9"]
[EventCountry "SLO"]
[SourceTitle "CBM 144 Extra"]
[Source "ChessBase"]
[SourceDate "2011.10.28"]
[SourceVersion "1"]
[SourceVersionDate "2011.10.28"]
[SourceQuality "1"]

1. e4 d6 2. d4 Nf6 3. Nc3 g6 4. f4 c6 5. a4 Bg7 6. Nf3 Bg4 7. Be2 Bxf3 8. Bxf3 Nbd7 9. e5 dxe5 10. fxe5 Nd5 11. Nxd5 cxd5 12. 0-0 Nb6 13. b3 a5 14. Bd2 0-0 15. Qe1 Nc8 16. Qh4 e6 17. Bg5 f6 18. exf6 Bxf6 19. Bxf6 Qxf6 20. Qxf6 Rxf6 21. Bg4 Kg7 22. c4 Ne7 23. cxd5 exd5 24. Rxf6 Kxf6 25. Rf1+ Kg7 26. Rc1 Nc6 27. Bf3 Rd8 28. Rc5 Rd7 29. Bxd5 Nb4 30. Be6 Re7 31. d5 b6 32. Rb5 Rb7 33. d6 Rb8 34. g4 Kf6 35. Bc4 g5 36. Rf5+ Kg6 37. Bf7+ Kg7 38. d7 h6 39. Bc4 Nc6 40. Bb5 Nd8 41. Re5 Kf8 42. Re8+ Kg7 43. Kf2 Kf6 44. Ke3 Ra8 45. Ke4 Rb8 46. Kd5 Ra8 47. Kd6 Nf7+ 48. Kc7 Ra7+ 49. Kxb6 1-0

[Event "Sentjur Ipavec Memorial 11th"]
[Site "Sentjur"]
[Date "2010.09.18"]
[Round "2"]
[White "Gorsek, Gregor"]
[Black "Zoric, Darko"]
[Result "1-0"]
[WhiteElo "2064"]
[BlackElo "1739"]
[PlyCount "33"]
[EventDate "2010.09.17"]
[EventType "swiss"]
[EventRounds "9"]
[EventCountry "SLO"]
[SourceTitle "CBM 138 Extra"]
[Source "ChessBase"]
[SourceDate "2010.10.29"]
[SourceVersion "1"]
[SourceVersionDate "2010.10.29"]
[SourceQuality "1"]

1. e4 c5 2. c3 d6 3. d4 cxd4 4. cxd4 a6 5. Nc3 e6 6. Nf3 Nc6 7. Bd3 Be7 8. 0-0 Nb4 9. Qa4+ Nc6 10. d5 b5 11. Bxb5 Bb7 12. Bxc6+ Bxc6 13. Qxc6+ Kf8 14. dxe6 fxe6 15. e5 Kf7 16. exd6 Rc8 17. dxe7 1-0

[Event "Ljubljana"]
[Site "Ljubljana"]
[Date "2010.06.01"]
[Round "7"]
[White "Zoric, Darko"]
[Black "Becic, Semso"]
[Result "1/2-1/2"]
[WhiteElo "1734"]
[BlackElo "1697"]
[PlyCount "159"]
[EventDate "2010.05.05"]
[EventType "tourn"]
[EventRounds "11"]
[EventCountry "SLO"]
[SourceTitle "EXT 2012"]
[Source "ChessBase"]
[SourceDate "2011.11.24"]
[SourceVersion "1"]
[SourceVersionDate "2011.11.24"]
[SourceQuality "1"]

1. d4 Nf6 2. c4 e6 3. Nc3 c6 4. Nf3 h6 5. a3 Bd6 6. e4 Bc7 7. Bd3 d5 8. e5 Nh7 9. Qc2 Ng5 10. Rg1 Bd7 11. c5 a5 12. Be3 Na6 13. Nd2 f5 14. f4 Ne4 15. 0-0-0 Qe7 16. Ncxe4 fxe4 17. Be2 g6 18. g3 b6 19. Nb3 a4 20. Na1 b5 21. b4 axb3 22. Qxb3 Ba5 23. Bd2 Bxd2+ 24. Kxd2 g5 25. Nc2 Rf8 26. Rgf1 Nc7 27. Ne3 Ra4 28. Kc2 Na6 29. Ng4 Kd8 30. Nxh6 gxf4 31. Rxf4 Rxf4 32. gxf4 Qf8 33. Ng4 Qf5 34. Kb2 Qxf4 35. Qc2 e3 36. Qd3 Nc7 37. Qxe3 Qxe3 38. Nxe3 Ke7 39. Bh5 Be8 40. Bxe8 Nxe8 41. Nc2 Ra8 42. Rf1 Ng7 43. Nb4 Rc8 44. Kc3 Nf5 45. Rf3 Kd7 46. Rh3 Re8 47. Rh7+ Ne7 48. h4 Kd8 49. h5 Rg8 50. h6 Ke8 51. Nd3 Rg3 52. Rg7 Rh3 53. h7 Kf8 54. Rg1 Rxh7 55. Rd1 Rh4 56. Nb4 Ke8 57. Nc2 Ng6 58. Kb4 Nxe5 59. a4 bxa4 60. Kxa4 Nc4 61. Rb1 Nd6 62. cxd6 Kd7 63. Ka5 Kxd6 64. Rb8 Rh2 65. Nb4 Rh4 66. Nc2 Rh1 67. Rb3 Rh8 68. Nb4 Rb8 69. Rc3 Ra8+ 70. Kb6 Rb8+ 71. Ka5 Rb5+ 72. Ka4 Rb8 73. Ka5 Rc8 74. Kb6 e5 75. dxe5+ Kxe5 76. Nxc6+ Kd6 77. Kb7 Rc7+ 78. Kb6 d4 79. Rc4 Rh7 80. Rxd4+ 1/2-1/2

[Event "Sentjur Ipavec Memorial 10th"]
[Site "Sentjur"]
[Date "2009.09.??"]
[Round "9"]
[White "Amon, Nejc"]
[Black "Zoric, Darko"]
[Result "0-1"]
[WhiteElo "1500"]
[BlackElo "1746"]
[PlyCount "98"]
[EventDate "2009.09.??"]
[EventType "swiss"]
[EventRounds "9"]
[EventCountry "SLO"]
[SourceTitle "CBM 132 Extra"]
[Source "ChessBase"]
[SourceDate "2009.11.03"]
[SourceVersion "1"]
[SourceVersionDate "2009.11.03"]
[SourceQuality "1"]

1. e4 c5 2. Nf3 Nc6 3. Bc4 e6 4. 0-0 d6 5. Nc3 a6 6. d3 Be7 7. Bd2 Nf6 8. Qe2 b5 9. Bb3 Rb8 10. a3 0-0 11. Ba2 a5 12. Rab1 Bd7 13. Rfe1 Qc7 14. Qe3 b4 15. axb4 Nxb4 16. Bb3 a4 17. Bc4 Nxc2 18. Qe2 Nxe1 19. Qxe1 Bc6 20. Qe3 a3 21. bxa3 Rxb1+ 22. Nxb1 Qb6 23. Qe1 Rb8 24. Nc3 Qb2 25. h3 Qxa3 26. Kh2 Qa7 27. Be3 Qc7 28. g3 d5 29. exd5 exd5 30. Ba2 d4 31. Bf4 Bd6 32. Bxd6 Qxd6 33. Ng1 dxc3 34. Qxc3 Qd4 35. Qxd4 cxd4 36. h4 Rb2 37. Bc4 Rxf2+ 38. Kh3 Bd7+ 39. g4 Bxg4+ 40. Kg3 Rf1 41. Kg2 Rd1 42. Bb3 Rxd3 43. Bc2 Rd2+ 44. Kh1 Rxc2 45. h5 Nxh5 46. Ne2 Rxe2 47. Kg1 d3 48. Kh1 d2 49. Kg1 d1Q# 0-1

[Event "Sentjur Ipavec Memorial 9th"]
[Site "Sentjur"]
[Date "2008.11.14"]
[Round "6"]
[White "Zoric, Darko"]
[Black "Jurca, Jan"]
[Result "1-0"]
[WhiteElo "1592"]
[BlackElo "1538"]
[PlyCount "87"]
[EventDate "2008.11.07"]
[EventType "swiss"]
[EventRounds "9"]
[EventCountry "SLO"]
[SourceTitle "EXT 2010"]
[Source "ChessBase"]
[SourceDate "2010.11.25"]
[SourceVersion "1"]
[SourceVersionDate "2010.11.25"]
[SourceQuality "1"]

1. d4 d5 2. c4 dxc4 3. e3 Nf6 4. Bxc4 Bf5 5. Nc3 e6 6. a3 Bd6 7. Nf3 0-0 8. 0-0 a6 9. Re1 Re8 10. e4 Bg4 11. e5 Nfd7 12. exd6 cxd6 13. h3 Bh5 14. Be2 Nc6 15. Nh2 Bxe2 16. Nxe2 Qf6 17. Nf3 d5 18. Bg5 Qf5 19. Ng3 Qg6 20. Qd2 h6 21. Bf4 Qf6 22. Ne5 Ndxe5 23. Bxe5 Qh4 24. Bf4 f6 25. Re2 Rad8 26. Bc7 Rd7 27. Bb6 e5 28. dxe5 fxe5 29. Rae1 Qc4 30. Qc3 Qb5 31. Qc5 Qb3 32. Qe3 Qb5 33. Qc5 Qb3 34. Ba5 d4 35. Bd2 Qxb2 36. Bf4 Qb3 37. Bxe5 Nxe5 38. Rxe5 Rxe5 39. Qxe5 Rd5 40. Qe8+ Kh7 41. Ne4 Ra5 42. Nf6+ gxf6 43. Re7+ Qf7 44. Qxf7+ 1-0

[Event "Sentjur Ipavec Memorial 9th"]
[Site "Sentjur"]
[Date "2008.11.07"]
[Round "2"]
[White "Zoric, Darko"]
[Black "Gazvoda, Franc"]
[Result "0-1"]
[WhiteElo "1592"]
[BlackElo "2042"]
[PlyCount "126"]
[EventDate "2008.11.07"]
[EventType "swiss"]
[EventRounds "9"]
[EventCountry "SLO"]
[SourceTitle "EXT 2010"]
[Source "ChessBase"]
[SourceDate "2010.11.25"]
[SourceVersion "1"]
[SourceVersionDate "2010.11.25"]
[SourceQuality "1"]

1. d4 d5 2. c4 dxc4 3. e3 a6 4. Bxc4 e6 5. Nc3 Nf6 6. Nf3 b5 7. Bd3 Bb7 8. a3 c5 9. dxc5 Bxc5 10. Be2 Qe7 11. 0-0 0-0 12. b4 Rd8 13. Qc2 Bd6 14. Bb2 Nc6 15. Rad1 Rac8 16. Qb1 Ne5 17. e4 Nxf3+ 18. Bxf3 Be5 19. Rxd8+ Qxd8 20. Rc1 Qd2 21. Rc2 Qf4 22. Qc1 Qxh2+ 23. Kf1 Qh1+ 24. Ke2 Qxc1 25. Rxc1 Bxc3 26. Rxc3 Rxc3 27. Bxc3 Nd7 28. Ke3 f6 29. g3 e5 30. Bg4 Nb6 31. Kd3 Kf7 32. Bd2 Nc4 33. Bc1 g6 34. Bh3 Nd6 35. f3 f5 36. Bg2 Kf6 37. Bd2 g5 38. g4 f4 39. Bc1 Bc6 40. Bf1 Be8 41. Kc3 Bf7 42. Bg2 h5 43. Bh3 Be6 44. Kd2 hxg4 45. fxg4 Nxe4+ 46. Ke2 Ng3+ 47. Kf2 Bc4 48. Bb2 Ke6 49. Bg2 e4 50. Bd4 Bd5 51. Bh3 e3+ 52. Bxe3 Ne4+ 53. Ke2 fxe3 54. Kxe3 Ke5 55. Bf1 Nf6 56. Bh3 Bc6 57. Kd3 Bf3 58. Kc3 Nxg4 59. Bf1 Ne3 60. Bd3 g4 61. a4 g3 62. Kd2 Kd4 63. axb5 g2 0-1

[Event "SLO-ch qual"]
[Site "Sentjur"]
[Date "2008.07.05"]
[Round "4"]
[White "Pahole, Tjasa"]
[Black "Zoric, Darko"]
[Result "0-1"]
[WhiteElo "1591"]
[BlackElo "1592"]
[PlyCount "86"]
[EventDate "2008.07.03"]
[EventType "swiss"]
[EventRounds "9"]
[EventCountry "SLO"]
[SourceTitle "EXT 2010"]
[Source "ChessBase"]
[SourceDate "2010.11.25"]
[SourceVersion "1"]
[SourceVersionDate "2010.11.25"]
[SourceQuality "1"]

1. e4 c5 2. Nf3 Nc6 3. c3 d6 4. d4 cxd4 5. cxd4 e6 6. Bb5 Bd7 7. 0-0 Be7 8. Nc3 Nf6 9. Bg5 a6 10. Ba4 b5 11. Bb3 0-0 12. Re1 Na5 13. Bc2 Nc4 14. Qc1 Rc8 15. b3 Nb6 16. Qd2 Qc7 17. Re3 b4 18. e5 bxc3 19. Qd3 Bb5 20. Qd1 Nbd5 21. Re1 Ne8 22. a4 Bc6 23. Qd3 g6 24. Bh6 Ng7 25. h4 Nb4 26. Qe2 Bxf3 27. gxf3 Nxc2 28. Qxc2 Bxh4 29. Qe4 Qd8 30. Rac1 Bg5 31. Bxg5 Qxg5+ 32. Kf1 d5 33. Qd3 Nf5 34. f4 Qxf4 35. Qh3 Qxd4 36. Rcd1 Qh4 37. Qg2 h5 38. Rd3 Qg4 39. Qh2 Rc6 40. Qh1 Rfc8 41. Qh2 c2 42. Rdd1 c1Q 43. Rxc1 Rxc1 0-1

[Event "SLO-ch qual"]
[Site "Sentjur"]
[Date "2008.07.04"]
[Round "2"]
[White "Zoric, Darko"]
[Black "Flander, Nejc"]
[Result "0-1"]
[WhiteElo "1592"]
[BlackElo "1812"]
[PlyCount "86"]
[EventDate "2008.07.03"]
[EventType "swiss"]
[EventRounds "9"]
[EventCountry "SLO"]
[SourceTitle "EXT 2010"]
[Source "ChessBase"]
[SourceDate "2010.11.25"]
[SourceVersion "1"]
[SourceVersionDate "2010.11.25"]
[SourceQuality "1"]

1. d4 Nf6 2. c4 e5 3. dxe5 Ng4 4. Nf3 Bc5 5. e3 Nc6 6. a3 a5 7. Be2 Ngxe5 8. 0-0 0-0 9. Nc3 d6 10. Ne4 Bb6 11. Qc2 Bf5 12. Rd1 Re8 13. Nfd2 Qh4 14. g3 Qh6 15. Qc3 Bg4 16. Bxg4 Nxg4 17. h4 f5 18. Ng5 Nce5 19. Kg2 Nf7 20. Ndf3 Nxg5 21. Nxg5 Qg6 22. Nf3 f4 23. Nd4 Nxf2 24. Kxf2 Qxg3+ 25. Ke2 Qg4+ 26. Nf3 Qg2+ 27. Kd3 Qxf3 28. Bd2 Bxe3 29. Kc2 Qe4+ 30. Kb3 Bxd2 31. Rxd2 Qe3 32. Rd3 Qb6+ 33. Ka2 Re3 34. Rg1 g6 35. Rxe3 Qxe3 36. Qf6 Qxg1 37. Qe6+ Kg7 38. Qe7+ Kh6 39. h5 Qg5 40. Qxc7 Rf8 41. Qxd6 Qf6 42. Qc5 f3 43. Qe3+ Qf4 0-1